000 01518nam a2200349 c 4500
003 BLK
005 20240520155856.0
008 180409b bul|||||r ||||||| ||bul||
010 _aKNG00119039000
020 _a978-954-8308-24-3
_bиздат.: Персей
040 _aBLK
041 _aBUL
_cBUL
080 _aРуска литература
_b821.161.1
_x-312.4
_z821.161.1-312.4
100 1 _aАлексеев, Сергей Трофимович
_eпърви автор
_9257332
700 1 _aПетров, Мариян
_eпрев. от рус.
_9370915
139 _aАлексеев, Сергей Трофимович
_bА 51
245 1 0 _aСъкровищата на Валкирия ІV - Звездни рани
_bРоман
_cСергей Трофимович Алексеев; прев. от рус. Мариян Петров.
257 _aRUS
260 София
_bПерсей
_c2009
300 _a464 с.
_c20 см
380 _aX
490 1 _aСъкровищата на Валкирия
_vКн. 4
500 _aОриг. загл. Сокровища Валькирии. Звездные рани / Сергей Алексеев. - Кн. 4 от Съкровищата на Валкирия.
653 _aтрилъри
653 _aромани
852 _aЦб 242167
856 4 _qpdf
_u
856 4 _qpdf
_u
942 _cKNG
_n0
_012
944 _aCR
_c12.08.2009
_lМинев Младен
_k30530
944 _aED
_c29.12.2016
_lф /
_kЛюдмила_Стоянова
999 _c113623
_d113623